Las parejas de hecho y su marco legal / (Registro nro. 49477)

Detalles MARC
000 -LEADER
fixed length control field 01226nam a2200325 4500
003 - CONTROL NUMBER IDENTIFIER
control field CO-CtgCURN
005 - DATE AND TIME OF LATEST TRANSACTION
control field 20250821172107.0
008 - FIXED-LENGTH DATA ELEMENTS--GENERAL INFORMATION
fixed length control field 160627s2014 000 0 eng d
020 ## - INTERNATIONAL STANDARD BOOK NUMBER
International Standard Book Number 9788429018202
040 ## - CATALOGING SOURCE
Original cataloging agency CO-CtgCURN
Language of cataloging spa
Transcribing agency coctgcurn
082 0# - DEWEY DECIMAL CLASSIFICATION NUMBER
Classification number 346.016
Item number S487
100 1# - MAIN ENTRY--PERSONAL NAME
Personal name Serrano Chamorro, María Eugenia.
245 14 - TITLE STATEMENT
Title Las parejas de hecho y su marco legal /
Statement of responsibility, etc. María Eugenia Serrano Chamorro.
260 ## - PUBLICATION, DISTRIBUTION, ETC.
Place of publication, distribution, etc. Madrid :
Name of publisher, distributor, etc. Reus,
Date of publication, distribution, etc. 2014.
300 ## - PHYSICAL DESCRIPTION
Extent 347 p.
336 ## - CONTENT TYPE
Source rdacontent
337 ## - MEDIA TYPE
Source rdamedia
Media type term sin mediacion
Media type code n
338 ## - CARRIER TYPE
Source rdacarrier
Carrier type term volumen
Carrier type code nc
490 1# - SERIES STATEMENT
Series statement Colección Familia y derecho
500 ## - GENERAL NOTE
General note Incluye índices y apéndice.
504 ## - BIBLIOGRAPHY, ETC. NOTE
Bibliography, etc. note Incluye bibliografía (p. 329-343)
505 8# - FORMATTED CONTENTS NOTE
Formatted contents note Entorno que rodea a las parejas de hecho -- Estudio de las pretensiones más demandas por los convivientes
650 #0 - SUBJECT ADDED ENTRY--TOPICAL TERM
Topical term or geographic name entry element Concubinato
Form subdivision Aspectos jurídicos
Geographic subdivision España.
650 #0 - SUBJECT ADDED ENTRY--TOPICAL TERM
Topical term or geographic name entry element Unión libre
Form subdivision Régimen jurídico
Geographic subdivision España.
650 #0 - SUBJECT ADDED ENTRY--TOPICAL TERM
Topical term or geographic name entry element Uniones de hecho
Form subdivision Aspectos jurídicos
Geographic subdivision España.
650 #0 - SUBJECT ADDED ENTRY--TOPICAL TERM
Topical term or geographic name entry element Parejas no casadas (Derecho)
Geographic subdivision España.
908 ## - PUT COMMAND PARAMETER (RLIN)
Put command parameter 160627
942 ## - ADDED ENTRY ELEMENTS (KOHA)
Koha item type Libros
Classification part 346.016
Item part S487
Source of classification or shelving scheme Dewey Decimal Classification
999 ## - SYSTEM CONTROL NUMBERS (KOHA)
-- 1
Existencias
Withdrawn status Lost status Source of classification or shelving scheme Damaged status Not for loan Home library Current library Shelving location Date acquired Total checkouts Full call number Barcode Date last seen Copy number Price effective from Koha item type
    Dewey Decimal Classification     Miguel Henríquez Castañeda Miguel Henríquez Castañeda General 03/04/2019   346.016 S487 017761 03/04/2019 ej.1 03/04/2019 Libros